Protection from exposure to second-hand tobacco smoke : (Record no. 769)

MARC details
000 -LEADER
fixed length control field 01535cam a22003737a 4500
001 - CONTROL NUMBER
control field 15150109
003 - CONTROL NUMBER IDENTIFIER
control field OSt
005 - DATE AND TIME OF LATEST TRANSACTION
control field 20230607085304.0
008 - FIXED-LENGTH DATA ELEMENTS--GENERAL INFORMATION
fixed length control field 080122s2007 sz a b 000 0 eng d
010 ## - LIBRARY OF CONGRESS CONTROL NUMBER
LC control number 2008365237
Canceled/invalid LC control number 2007481923
020 ## - INTERNATIONAL STANDARD BOOK NUMBER
International Standard Book Number 9789241563413
020 ## - INTERNATIONAL STANDARD BOOK NUMBER
International Standard Book Number 9241563419
035 ## - SYSTEM CONTROL NUMBER
System control number (OCoLC)ocn185036293
040 ## - CATALOGING SOURCE
Original cataloging agency ORU
Transcribing agency ORU
Modifying agency BAKER
-- DLC
042 ## - AUTHENTICATION CODE
Authentication code lccopycat
050 00 - LIBRARY OF CONGRESS CALL NUMBER
Classification number RA1242.T6
Item number W675 2007
082 00 - DEWEY DECIMAL CLASSIFICATION NUMBER
Classification number 362.29/6
Edition number 22
110 2# - MAIN ENTRY--CORPORATE NAME
Corporate name or jurisdiction name as entry element World Health Organization.
245 10 - TITLE STATEMENT
Title Protection from exposure to second-hand tobacco smoke :
Remainder of title policy recommendations /
Statement of responsibility, etc. World Health Organization.
246 1# - VARYING FORM OF TITLE
Display text Title from online version:
Title proper/short title Policy recommendations on protection from exposure to second-hand tobacco smoke
260 ## - PUBLICATION, DISTRIBUTION, ETC. (IMPRINT)
Place of publication, distribution, etc. Geneva, Switzerland :
Name of publisher, distributor, etc. World Health Organization,
Date of publication, distribution, etc. c2007.
300 ## - PHYSICAL DESCRIPTION
Extent 50 p. :
Other physical details ill. ;
Dimensions 24 cm.
500 ## - GENERAL NOTE
General note "Tobacco Free Initiative"--P. [4] of cover.
504 ## - BIBLIOGRAPHY, ETC. NOTE
Bibliography, etc Includes bibliographical references (p. 40-50).
530 ## - ADDITIONAL PHYSICAL FORM AVAILABLE NOTE
Additional physical form available note Also available via the World Wide Web as a PDF file.
650 #0 - SUBJECT ADDED ENTRY--TOPICAL TERM
Topical term or geographic name as entry element Passive smoking
General subdivision Health aspects.
650 #0 - SUBJECT ADDED ENTRY--TOPICAL TERM
Topical term or geographic name as entry element Smoking
General subdivision Law and legislation.
650 #0 - SUBJECT ADDED ENTRY--TOPICAL TERM
Topical term or geographic name as entry element Tobacco smoke pollution
General subdivision Prevention.
710 2# - ADDED ENTRY--CORPORATE NAME
Corporate name or jurisdiction name as entry element Tobacco Free Initiative (World Health Organization)
856 41 - ELECTRONIC LOCATION AND ACCESS
Uniform Resource Identifier <a href="http://who.int/tobacco/resources/publications/wntd/2007/PR%5Fon%5FSHS.pdf">http://who.int/tobacco/resources/publications/wntd/2007/PR%5Fon%5FSHS.pdf</a>
Public note Connect to online version
906 ## - LOCAL DATA ELEMENT F, LDF (RLIN)
a 7
b cbc
c copycat
d 2
e ncip
f 20
g y-gencatlg
942 ## - ADDED ENTRY ELEMENTS (KOHA)
Source of classification or shelving scheme Dewey Decimal Classification
Koha item type Books
Holdings
Withdrawn status Lost status Source of classification or shelving scheme Damaged status Not for loan Home library Current library Date acquired Total Checkouts Full call number Barcode Date last seen Price effective from Koha item type
    Dewey Decimal Classification     Bunge Tower Library Bunge Tower Library 06/07/2023   362.296 WHO 1000528 06/07/2023 06/07/2023 Books
LIBRARY OPENING HOURS

When the Parliament is sitting: 8.00a.m - 7.00p.m or until the house adjourns
Mondays and Fridays and when the House is on Recess:  8.00a.m - 5.00p.m
Closed on Weekends and Public Holidays

Online Public Access Catalog (OPAC)
Website: http://www.parliament.go.ke
Bunge Library: https://libraryir.parliament.go.ke
Contact: library@parliament.go.ke | Tel no: (254-2)2221291 or 2848000 Ext 5043